Links In the Chain/ (Record no. 194251)
[ view plain ]
| 000 -LEADER | |
|---|---|
| fixed length control field | 00661nam a2200205 4500 |
| 005 - DATE AND TIME OF LATEST TRANSACTION | |
| control field | 20221212142543.0 |
| 010 ## - LCCN (DPL NO) | |
| LC control number | ENG-135835 ENG-135836 |
| 020 ## - INTERNATIONAL STANDARD BOOK NUMBER | |
| International Standard Book Number | 9788187649348 |
| Terms of availability | 200.00 |
| 035 ## - SYSTEM CONTROL NUMBER | |
| System control number | EN-119367 |
| 035 ## - SYSTEM CONTROL NUMBER | |
| System control number | EN-119368 |
| 037 ## - SOURCE OF ACQUISITION | |
| Source of stock number/acquisition | DBAD/PUB |
| 082 ## - DEWEY DECIMAL CLASSIFICATION NUMBER | |
| Classification number | 821.092 |
| 100 ## - MAIN ENTRY--PERSONAL NAME | |
| Personal name | Varma, Mahadevi |
| 245 ## - TITLE STATEMENT | |
| Title | Links In the Chain/ |
| Statement of responsibility, etc | by Mahadevi Varma and Translated by Neera Kuckreja Sohoni |
| 260 ## - PUBLICATION, DISTRIBUTION, ETC. (IMPRINT) | |
| Place of publication, distribution, etc | New Delhi |
| Name of publisher, distributor, etc | Katha |
| Date of publication, distribution, etc | 2003 |
| 270 ## - ADDRESS | |
| Address | A-3 Sarvodaya Enclave Sri Aurobindo Marg |
| City | New Delhi |
| Postal code | 110017 |
| Electronic mail address | academic@katha.org |
| 300 ## - PHYSICAL DESCRIPTION | |
| Extent | xv, 150p. |
| Dimensions | 21cm(pbk) |
| 700 ## - ADDED ENTRY--PERSONAL NAME | |
| Personal name | Sohoni, Neera Kuckreja |
| 942 ## - ADDED ENTRY ELEMENTS (KOHA) | |
| Source of classification or shelving scheme | Dewey Decimal Classification |
| Item type | English Books |
| Classification part | 821.092 |
| Call number suffix | VAR |
| Withdrawn status | Lost status | Not for loan | Collection code | Home library | Current library | Date acquired | Source of acquisition | Cost, normal purchase price | Full call number | Barcode | Copy number | Cost, replacement price | Koha item type |
|---|---|---|---|---|---|---|---|---|---|---|---|---|---|
| Non-fiction | D.B.Act.Division | Mobile Library | 12/12/2022 | DBAD/PUB | 200.00 | 821.092 VAR | EN-119367 | 1 | 200.00 | English Books | |||
| Non-fiction | D.B.Act.Division | Mobile Library | 12/12/2022 | DBAD/PUB | 200.00 | 821.092 VAR | EN-119368 | 1 | 200.00 | English Books |
